[Event "Helsingor Xtracon op"]
[Site "Helsingor"]
[Date "2019.07.28"]
[Round "10"]
[White "Smeby, Ole"]
[Black "Madison, Sigurd"]
[Result "0-1"]
[WhiteElo "1887"]
[BlackElo "1700"]
[PlyCount "128"]
[EventDate "2019.07.20"]
[EventType "swiss"]
[EventRounds "10"]
[EventCountry "DEN"]
[SourceTitle "CBM 191 Extra"]
[Source "ChessBase"]
[SourceDate "2019.09.30"]
[SourceVersion "1"]
[SourceVersionDate "2019.09.30"]
[SourceQuality "1"]

1. d4 d5 2. c4 c6 3. e3 Nf6 4. Nf3 g6 5. Bd3 Bg7 6. cxd5 cxd5 7. 0-0 0-0 8. Nc3 Nc6 9. Bd2 a6 10. Rc1 Bg4 11. Be2 Bf5 12. Be1 Rc8 13. Qb3 b5 14. Qd1 Qd6 15. h3 Rfe8 16. Nh4 Bd7 17. f4 b4 18. Na4 Nxd4 19. Rxc8 Nxe2+ 20. Qxe2 Rxc8 21. Qd1 Bb5 22. Rf2 Qc6 23. b3 a5 24. g4 Ne4 25. Rg2 Qc1 26. Qxc1 Rxc1 27. Nf3 Nc3 28. Nxc3 bxc3 29. Kh2 e5 30. fxe5 Bxe5+ 31. Bg3 Bg7 32. Nd4 Bxd4 33. exd4 g5 34. Bd6 Bd3 35. Ba3 Rd1 36. Rg1 Rd2+ 37. Kg3 Be4 38. Bc1 Rd3+ 39. Kh2 h6 40. h4 f6 41. hxg5 hxg5 42. Rg3 Rd2+ 43. Kh3 Rc2 44. Rg1 Rxa2 45. Rg3 Rc2 46. Ba3 Kg7 47. Re3 Ra2 48. Bc1 c2 49. Rc3 a4 50. bxa4 Rxa4 51. Be3 Ra6 52. Kg3 Ra1 53. Kf2 Rh1 54. Kg3 Ra1 55. Bd2 Kf7 56. Kh3 Rd1 57. Be3 Rd3 58. Rxd3 Bxd3 59. Kg3 Ke6 60. Kg2 Kd6 61. Kf3 Be4+ 62. Kf2 Kc6 63. Bd2 Kb5 64. Ke3 Kc4 0-1

[Event "Helsingor Xtracon op"]
[Site "Helsingor"]
[Date "2018.07.29"]
[Round "10"]
[White "Madison, Sigurd"]
[Black "Damm, Henrik"]
[Result "0-1"]
[WhiteElo "1704"]
[BlackElo "1567"]
[PlyCount "116"]
[EventDate "2018.07.21"]
[EventType "swiss"]
[EventRounds "10"]
[EventCountry "DEN"]
[SourceTitle "CBM 185 Extra"]
[Source "ChessBase"]
[SourceDate "2018.07.29"]
[SourceVersion "1"]
[SourceVersionDate "2018.07.29"]
[SourceQuality "1"]

1. e4 c5 2. Nf3 Nc6 3. d4 cxd4 4. Nxd4 g6 5. c3 Bg7 6. Be3 d6 7. Be2 Nf6 8. f3 Bd7 9. 0-0 0-0 10. Nd2 a6 11. Kh1 Rc8 12. Bg1 b5 13. f4 e5 14. Nxc6 Bxc6 15. Qc2 exf4 16. Rad1 Re8 17. Bd3 Nh5 18. Bf2 Qc7 19. Nf3 Qb7 20. Rde1 Nf6 21. Ng5 Rc7 22. Bd4 Rce7 23. Rxf4 Nh5 24. Rff1 h6 25. Nf3 Nf4 26. Bxg7 Kxg7 27. Nd2 Nxd3 28. Qxd3 Re6 29. Qd4+ Kg8 30. Rf4 f5 31. Ref1 Bxe4 32. Nxe4 Rxe4 33. Qxd6 R8e6 34. Qd8+ Re8 35. Qf6 R8e6 36. Qd8+ Re8 37. Qf6 R8e6 38. Qh4 g5 39. Qg3 Re3 40. R4f3 f4 41. Qh3 Rxf3 42. gxf3 Kg7 43. Qg4 Re3 44. h4 Qe7 45. hxg5 hxg5 46. Rf2 Kg6 47. Rg2 Re1+ 48. Kh2 Kh6 49. Qc8 Qf7 50. Qxa6+ Kh7 51. Rxg5 Re2+ 52. Kh3 Qd7+ 53. Rg4 Re6 54. Qxe6 Qxe6 55. b3 Qe3 56. Rh4+ Kg6 57. Kg4 Qg1+ 58. Kxf4 Qg5+ 0-1

[Event "Helsingor Xtracon op"]
[Site "Helsingor"]
[Date "2018.07.22"]
[Round "2"]
[White "Madison, Sigurd"]
[Black "Crevatin, Leo"]
[Result "0-1"]
[WhiteElo "1704"]
[BlackElo "2224"]
[PlyCount "80"]
[EventDate "2018.07.21"]
[EventType "swiss"]
[EventRounds "10"]
[EventCountry "DEN"]
[SourceTitle "CBM 185 Extra"]
[Source "ChessBase"]
[SourceDate "2018.07.29"]
[SourceVersion "1"]
[SourceVersionDate "2018.07.29"]
[SourceQuality "1"]

1. e4 c5 2. Nf3 Nc6 3. d3 d5 4. Nbd2 Nf6 5. Be2 Bg4 6. h3 Bh5 7. 0-0 e6 8. Re1 Be7 9. c3 h6 10. e5 Nd7 11. d4 Qb6 12. a4 cxd4 13. cxd4 Bg6 14. Nf1 Rc8 15. Ne3 Be4 16. Bb5 Bxf3 17. Qxf3 Qxd4 18. Qg3 Qxe5 19. f4 Qf6 20. Ng4 Qh4 21. Qxh4 Bxh4 22. Rd1 a6 23. Be2 0-0 24. Be3 Be7 25. Rac1 Rfd8 26. Kh2 Na5 27. Bd3 Nb3 28. Rxc8 Rxc8 29. f5 e5 30. f6 Nxf6 31. Nxe5 Bd6 32. Bf4 Nh5 33. g3 g5 34. Bf5 Re8 35. Bc2 gxf4 36. Ng4 fxg3+ 37. Kg2 Nc5 38. Nxh6+ Kg7 39. Nf5+ Kf6 40. Kf3 Be5 0-1

[Event "Helsingor Xtracon op"]
[Site "Helsingor"]
[Date "2017.07.22"]
[Round "1"]
[White "Madison, Sigurd"]
[Black "Thogersen, Rasmus"]
[Result "0-1"]
[WhiteElo "1736"]
[BlackElo "2222"]
[PlyCount "90"]
[EventDate "2017.07.22"]
[EventType "swiss"]
[EventRounds "10"]
[EventCountry "DEN"]
[SourceTitle "CBM 179 Extra"]
[Source "ChessBase"]
[SourceDate "2017.08.23"]
[SourceVersion "1"]
[SourceVersionDate "2017.08.23"]
[SourceQuality "1"]

1. e4 c5 2. Nf3 d6 3. d4 cxd4 4. Nxd4 Nf6 5. Nc3 g6 6. Be2 Bg7 7. Be3 0-0 8. 0-0 Nc6 9. Nb3 Be6 10. f4 Rc8 11. Rb1 a6 12. Bf3 Na5 13. Qd2 Nc4 14. Qd3 Nxb2 15. Rxb2 Bc4 16. Qd2 Bxf1 17. Kxf1 Nxe4 18. Nxe4 Bxb2 19. c3 Ba3 20. Ng5 Qc7 21. Bg4 e6 22. Bd4 e5 23. Be3 Qc4+ 24. Kf2 Rc7 25. Bf3 b5 26. Ne4 Kh8 27. fxe5 dxe5 28. Bh6 Rfc8 29. Qg5 Qe6 30. h4 Be7 31. Qg3 f5 32. Qh3 Qf7 33. Ng5 Bxg5 34. Bxg5 Rxc3 35. Qg3 Qe6 36. Bd2 Rd3 37. Qg5 Rc2 38. Be2 Qb6+ 39. Be3 Qd6 40. Kf1 f4 41. Bd2 Rdxd2 42. Nxd2 Rc1+ 43. Kf2 Qd4+ 44. Kf3 Qe3+ 45. Kg4 Qg3# 0-1

[Event "Lund op"]
[Site "Lund"]
[Date "2016.04.12"]
[Round "7"]
[White "Hornqvist, Kasper"]
[Black "Madison, Sigurd"]
[Result "0-1"]
[WhiteElo "1559"]
[BlackElo "1841"]
[PlyCount "66"]
[EventDate "2016.02.09"]
[EventType "swiss"]
[EventRounds "7"]
[EventCountry "SWE"]
[SourceTitle "EXT 2019"]
[Source "ChessBase"]
[SourceDate "2018.10.10"]
[SourceVersion "1"]
[SourceVersionDate "2018.10.10"]
[SourceQuality "1"]

1. e4 d6 2. d4 c5 3. dxc5 Qa5+ 4. Nc3 Qxc5 5. Nf3 Nf6 6. Bd3 g6 7. Be3 Qa5 8. h3 Bg7 9. Qd2 Nc6 10. Bh6 0-0 11. Bxg7 Kxg7 12. 0-0 Qc5 13. Rad1 Bd7 14. Ne2 Rac8 15. c3 h6 16. Bb1 Be6 17. Rfe1 Nh5 18. Nf4 Bd7 19. Nxh5+ Qxh5 20. Qf4 Rg8 21. Rd5 g5 22. Qe3 Kh8 23. Nd4 Ne5 24. Nf5 Bxf5 25. exf5 g4 26. Rxe5 dxe5 27. Qxe5+ f6 28. Qxe7 Rcf8 29. Re3 gxh3 30. g3 Qd1+ 31. Re1 Qf3 32. Be4 h2+ 33. Kxh2 Qxf2+ 0-1

[Event "Politiken Cup 37th"]
[Site "Helsingor"]
[Date "2015.07.25"]
[Round "1"]
[White "Aabling Thomsen, Jakob"]
[Black "Madison, Sigurd"]
[Result "1-0"]
[WhiteElo "2333"]
[BlackElo "1853"]
[PlyCount "55"]
[EventDate "2015.07.25"]
[EventType "swiss"]
[EventRounds "10"]
[EventCountry "DEN"]
[SourceTitle "CBM 167 Extra"]
[Source "ChessBase"]
[SourceDate "2015.09.14"]
[SourceVersion "1"]
[SourceVersionDate "2015.09.14"]
[SourceQuality "1"]

1. e4 g6 2. d4 d6 3. Nc3 Bg7 4. Be3 Nf6 5. f3 Nbd7 6. Qd2 h6 7. 0-0-0 Nb6 8. g4 Bd7 9. h4 c6 10. a4 a5 11. Qf2 Qc7 12. Nh3 Nc8 13. g5 Ng8 14. f4 e5 15. dxe5 dxe5 16. f5 gxf5 17. exf5 hxg5 18. hxg5 Bf8 19. Ne4 b6 20. Bc4 b5 21. Bxf7+ Kxf7 22. g6+ Ke8 23. f6 bxa4 24. Nhg5 Rxh1 25. f7+ Kd8 26. Ne6+ Ke7 27. Bg5+ Kxe6 28. fxg8B# 1-0

[Event "Politiken Cup 35th"]
[Site "Helsingor"]
[Date "2013.08.01"]
[Round "7"]
[White "Madison, Sigurd"]
[Black "Hyldkrog, Lars"]
[Result "1/2-1/2"]
[WhiteElo "1792"]
[BlackElo "2009"]
[PlyCount "95"]
[EventDate "2013.07.27"]
[EventType "swiss"]
[EventRounds "10"]
[EventCountry "DEN"]
[SourceTitle "CBM 155 Extra"]
[Source "ChessBase"]
[SourceDate "2013.08.26"]
[SourceVersion "1"]
[SourceVersionDate "2013.08.26"]
[SourceQuality "1"]

1. e4 c5 2. Nf3 Nc6 3. d4 cxd4 4. Nxd4 Nf6 5. Nc3 e5 6. Nb3 Bb4 7. Bc4 0-0 8. Qd3 Bxc3+ 9. bxc3 Qc7 10. Bg5 Nh5 11. g3 h6 12. Bd2 d6 13. h3 Be6 14. Bd5 Bxd5 15. exd5 e4 16. Qe2 Ne5 17. Qxh5 Nf3+ 18. Ke2 Qc4+ 19. Kd1 Rfe8 20. Nd4 Nxd4 21. cxd4 Qxd4 22. c3 Qxf2 23. Qe2 Qxg3 24. Kc2 e3 25. Bc1 Qe5 26. Qd3 Rac8 27. Bb2 Rc5 28. c4 Qe4 29. Qxe4 Rxe4 30. Kd3 Rexc4 31. Rac1 Rxc1 32. Rxc1 Rxd5+ 33. Kxe3 Rh5 34. Rh1 g5 35. Ke4 Rh4+ 36. Kd5 g4 37. Rg1 f5 38. hxg4 fxg4 39. Bf6 Rh2 40. Rxg4+ Kf7 41. Bd4 Rxa2 42. Rg7+ Kf8 43. Rxb7 h5 44. Bxa7 h4 45. Kxd6 Ra6+ 46. Ke5 h3 47. Rb8+ Kg7 48. Rb2 1/2-1/2

[Event "Politiken Cup 34th"]
[Site "Helsingor"]
[Date "2012.08.02"]
[Round "7"]
[White "Gade, Jens"]
[Black "Madison, Sigurd"]
[Result "0-1"]
[WhiteElo "1578"]
[BlackElo "1799"]
[PlyCount "148"]
[EventDate "2012.07.28"]
[EventType "swiss"]
[EventRounds "10"]
[EventCountry "DEN"]
[SourceTitle "CBM 149 Extra"]
[Source "ChessBase"]
[SourceDate "2012.08.24"]
[SourceVersion "1"]
[SourceVersionDate "2012.08.24"]
[SourceQuality "1"]

1. d4 d5 2. c4 e6 3. e3 Nf6 4. Nf3 c6 5. Nc3 Nbd7 6. Bd3 Be7 7. 0-0 0-0 8. a3 a5 9. Bd2 Re8 10. Qe2 Bd6 11. Rfe1 h6 12. c5 Bc7 13. b4 e5 14. dxe5 Nxe5 15. Nd4 Nxd3 16. Qxd3 Ng4 17. g3 Ne5 18. Qe2 Qf6 19. Rf1 Bh3 20. Rfb1 Bg4 21. f3 Nxf3+ 22. Nxf3 Bxf3 23. Qf2 Be5 24. bxa5 Bxc3 25. Bxc3 Qxc3 26. Qxf3 Rxe3 27. Qf2 d4 28. Rc1 Qxa5 29. Rab1 Qc7 30. Rd1 Qe7 31. Rxd4 Re8 32. Rdb4 Qxc5 33. R4b2 b5 34. Rf1 Qe7 35. Rc2 Qe6 36. Qg2 Re4 37. Qf3 Re7 38. Rfc1 Qd5 39. Qf2 R7e6 40. Rc5 Qd7 41. R5c2 Rf6 42. Qg2 Qd4+ 43. Kh1 c5 44. Qd2 Qxd2 45. Rxd2 Rf5 46. Rb2 c4 47. Rc3 Rd5 48. Kg2 Re1 49. Kf2 Ra1 50. Ke3 f5 51. Kf3 g5 52. Ke3 Kf7 53. Rf2 Kf6 54. Rd2 Ke5 55. Rf2 Rad1 56. Rb2 g4 57. Ke2 Rh1 58. Ke3 h5 59. a4 bxa4 60. Rxc4 Ra5 61. Ra2 Re1+ 62. Kf2 Re4 63. Rc8 a3 64. Rh8 Rb4 65. Re8+ Kd5 66. Ree2 Re4 67. Rec2 Rc4 68. Rd2+ Kc5 69. Ke2 Kb4 70. Rd3 Rc3 71. Rd4+ Kb3 72. Rdd2 Re5+ 73. Kd1 Rc1+ 74. Kxc1 Re1+ 0-1

[Event "Politiken Cup 34th"]
[Site "Helsingor"]
[Date "2012.07.29"]
[Round "3"]
[White "Pedersen, Jan Kaas"]
[Black "Madison, Sigurd"]
[Result "1-0"]
[WhiteElo "2044"]
[BlackElo "1799"]
[PlyCount "73"]
[EventDate "2012.07.28"]
[EventType "swiss"]
[EventRounds "10"]
[EventCountry "DEN"]
[SourceTitle "CBM 149 Extra"]
[Source "ChessBase"]
[SourceDate "2012.08.24"]
[SourceVersion "1"]
[SourceVersionDate "2012.08.24"]
[SourceQuality "1"]

1. d4 d5 2. Nf3 Nf6 3. Bg5 e6 4. e3 Be7 5. Nbd2 Nbd7 6. Bd3 c6 7. c3 0-0 8. Qc2 Re8 9. h4 Qc7 10. e4 dxe4 11. Nxe4 Nxe4 12. Bxe4 f5 13. Bd3 c5 14. 0-0 c4 15. Be2 Bd6 16. b3 cxb3 17. axb3 f4 18. Rac1 b6 19. h5 Bb7 20. Bh4 Nf6 21. h6 Rac8 22. c4 e5 23. dxe5 Bxe5 24. Nxe5 Rxe5 25. f3 Nh5 26. Bd3 gxh6 27. Rfe1 Rce8 28. Rxe5 Rxe5 29. Re1 Qc5+ 30. Kh2 Rxe1 31. Bxh7+ Kf8 32. Bxe1 Ng3 33. Qg6 Nf1+ 34. Kh3 Bc8+ 35. Kh4 Qe7+ 36. Kh5 Qg7 37. Bb4+ 1-0

[Event "Politiken Cup 33rd"]
[Site "Helsingor"]
[Date "2011.08.06"]
[Round "9"]
[White "Madison, Sigurd"]
[Black "Jensen, Morten Frank"]
[Result "1-0"]
[WhiteElo "1749"]
[BlackElo "2064"]
[PlyCount "75"]
[EventDate "2011.07.30"]
[EventType "swiss"]
[EventRounds "10"]
[EventCountry "DEN"]
[SourceTitle "CBM 143 Extra"]
[Source "ChessBase"]
[SourceDate "2011.08.29"]
[SourceVersion "1"]
[SourceVersionDate "2011.08.29"]
[SourceQuality "1"]

1. e4 g6 2. d4 Bg7 3. c3 d5 4. e5 c5 5. f4 Nh6 6. Nf3 0-0 7. Be2 Nc6 8. Be3 cxd4 9. cxd4 Ng4 10. Bg1 Qa5+ 11. Nc3 f6 12. Qb3 Be6 13. h3 Nh6 14. Qxb7 Rfc8 15. Qa6 Qd8 16. Bf2 Rab8 17. Na4 Bf5 18. a3 Na5 19. Bd1 Rc4 20. b4 Nc6 21. Nb2 Rc3 22. 0-0 Nxb4 23. axb4 Rxb4 24. Na4 Rcc4 25. Nc5 Bc8 26. Qxa7 fxe5 27. fxe5 Nf5 28. Qa8 Bh6 29. Be2 Rc2 30. Ba6 Rbb2 31. Bxc8 Nxd4 32. Nxd4 Be3 33. Be6+ Kg7 34. Qxd8 Bxd4 35. Qxe7+ Kh6 36. Qf8+ Kh5 37. g4+ Kg5 38. h4# 1-0

[Event "Politiken Cup 33rd"]
[Site "Helsingor"]
[Date "2011.08.03"]
[Round "6"]
[White "Eriksson, Christian Altenburg"]
[Black "Madison, Sigurd"]
[Result "1-0"]
[WhiteElo "2129"]
[BlackElo "1749"]
[PlyCount "63"]
[EventDate "2011.07.30"]
[EventType "swiss"]
[EventRounds "10"]
[EventCountry "DEN"]
[SourceTitle "CBM 143 Extra"]
[Source "ChessBase"]
[SourceDate "2011.08.29"]
[SourceVersion "1"]
[SourceVersionDate "2011.08.29"]
[SourceQuality "1"]

1. e4 e5 2. Nf3 Nc6 3. Bb5 Nf6 4. 0-0 Be7 5. Nc3 d6 6. d4 exd4 7. Nxd4 Bd7 8. Re1 Nxd4 9. Bxd7+ Qxd7 10. Qxd4 0-0 11. f3 Rfe8 12. Be3 c6 13. Rad1 Qe6 14. b3 Nd7 15. Ne2 Ne5 16. Nf4 Qf6 17. Qd2 a5 18. a4 Qh4 19. Ne2 Bf6 20. Bf2 Qh5 21. Kh1 Re6 22. Nf4 Qg5 23. Nxe6 Qxd2 24. Rxd2 fxe6 25. Rxd6 Kf7 26. Bg3 Re8 27. Red1 Re7 28. Be1 b6 29. f4 Ng6 30. e5 Bxe5 31. fxe5 Nxe5 32. Bg3 1-0

[Event "Politiken Cup 33rd"]
[Site "Helsingor"]
[Date "2011.08.02"]
[Round "5"]
[White "Madison, Sigurd"]
[Black "Celander, Adam"]
[Result "1-0"]
[WhiteElo "1749"]
[BlackElo "2006"]
[PlyCount "93"]
[EventDate "2011.07.30"]
[EventType "swiss"]
[EventRounds "10"]
[EventCountry "DEN"]
[SourceTitle "CBM 143 Extra"]
[Source "ChessBase"]
[SourceDate "2011.08.29"]
[SourceVersion "1"]
[SourceVersionDate "2011.08.29"]
[SourceQuality "1"]

1. e4 c5 2. Nf3 d6 3. d4 cxd4 4. Nxd4 Nf6 5. Nc3 a6 6. Be2 e5 7. Nb3 Be7 8. 0-0 0-0 9. Be3 b6 10. Nd5 Nxd5 11. exd5 Nd7 12. a4 Bb7 13. c4 a5 14. Qc2 f5 15. f3 f4 16. Bf2 Qe8 17. Nd2 Rf6 18. Ne4 Rh6 19. Bd3 Qh5 20. h3 Bc8 21. Rfe1 Nf8 22. Bf1 Rg6 23. Kh2 Rb8 24. Qb3 Nd7 25. Qc3 Rh6 26. b4 axb4 27. Qxb4 g5 28. Qc3 Nf6 29. a5 Nxe4 30. Rxe4 Bf5 31. Ree1 bxa5 32. Rxa5 Bf6 33. Qa3 Rd8 34. Ra8 Rxa8 35. Qxa8+ Kg7 36. Qb7+ Qf7 37. Qb6 Be7 38. Ra1 g4 39. fxg4 Bxg4 40. Ra7 f3 41. Be3 Rh5 42. Qb2 Kg8 43. c5 e4 44. c6 Qf6 45. Qf2 Qe5+ 46. Qg3 Qc3 47. Qxg4+ 1-0

[Event "Politiken Cup 33rd"]
[Site "Helsingor"]
[Date "2011.07.30"]
[Round "1"]
[White "Madison, Sigurd"]
[Black "Schou Moldt, Thomas"]
[Result "0-1"]
[WhiteElo "1749"]
[BlackElo "2167"]
[PlyCount "78"]
[EventDate "2011.07.30"]
[EventType "swiss"]
[EventRounds "10"]
[EventCountry "DEN"]
[SourceTitle "CBM 143 Extra"]
[Source "ChessBase"]
[SourceDate "2011.08.29"]
[SourceVersion "1"]
[SourceVersionDate "2011.08.29"]
[SourceQuality "1"]

1. e4 c5 2. Nf3 g6 3. d4 cxd4 4. Nxd4 Bg7 5. Nc3 a6 6. Be2 d6 7. Be3 Nf6 8. 0-0 0-0 9. f4 Qb6 10. Nf5 Qc7 11. Ng3 b5 12. Rb1 Bb7 13. Bf3 Nbd7 14. Nd5 Nxd5 15. exd5 Rac8 16. c3 Nf6 17. Qb3 Qd7 18. h3 Rc4 19. Rbd1 Bh6 20. Ne2 Ba8 21. Qc2 Rfc8 22. Qd3 Bg7 23. Ng3 a5 24. f5 a4 25. Bd4 b4 26. fxg6 hxg6 27. cxb4 Rxb4 28. Kh2 Bb7 29. Qe2 Rbc4 30. Bxf6 exf6 31. Bg4 f5 32. Nxf5 gxf5 33. Bxf5 Qe8 34. Qh5 Qe5+ 35. Kh1 Rf4 36. Qh7+ Kf8 37. Rxf4 Qxf4 38. Bxc8 Be5 39. Kg1 Qe3+ 0-1

[Event "Taby Scandinavian op"]
[Site "Taby"]
[Date "2007.08.05"]
[Round "3"]
[White "Schon, Eugene"]
[Black "Madison, Sigurd"]
[Result "1-0"]
[WhiteElo "1963"]
[BlackElo "1758"]
[PlyCount "67"]
[EventDate "2007.08.04"]
[EventType "swiss"]
[EventRounds "9"]
[EventCountry "SWE"]
[SourceTitle "CBM 119 Extra"]
[Source "ChessBase"]
[SourceDate "2007.09.04"]
[SourceVersion "1"]
[SourceVersionDate "2007.09.04"]
[SourceQuality "1"]

1. d4 d5 2. Nf3 e6 3. c4 Nf6 4. Nc3 Be7 5. Bg5 Nbd7 6. e3 c6 7. cxd5 exd5 8. Qc2 h6 9. Bf4 0-0 10. Bd3 Re8 11. 0-0 b6 12. Nb5 Nc5 13. dxc5 cxb5 14. Bxb5 Rf8 15. c6 Qe8 16. Nd4 a6 17. Bd3 Nh5 18. Bc7 Bc5 19. b4 Bxb4 20. Bxb6 Bd6 21. Bc5 Qe7 22. Rfc1 Bxc5 23. Qxc5 Qe5 24. Rab1 Nf6 25. h3 Ne4 26. Bxe4 Qxe4 27. Qc2 Qe5 28. Rb6 Qc7 29. Qc5 Re8 30. Rcb1 Re5 31. Rb7 Qd8 32. c7 Qf6 33. Rb8 Qg6 34. Qc2 1-0